000 00483nam a2200169Ia 4500
005 20250923144505.0
008 008 250917s9999 xx 000 0 eng d
037 _aTextual
040 _aDSWL
_beng
_cDSWL
041 _aeng
_2eng
084 _qDSWL
245 0 _aBibliography of Indian agricultural economics
_cby ndia,Food & Agricultural (ministry of)
260 _aDelhi
_bManager of Publications
_c1954
300 _a194p.
942 _cTEXL
999 _c1439572
_d1439572